Statistiques concernant Culture Générale - Série 485

Cliquez ici pour prendre le quiz!

Statistiques générales

  • Ce quiz a été pris 113 fois
  • Le résultat moyen est 5 sur 10

Statistiques - réponses

QuestionRéponse% Correct
Quel célèbre héros a perdu ses parents à cause de lord Voldemort ?Harry Potter
92%
Quel héros d'Edgar Rice Burroughs a été élevé par des singes ?Tarzan
81%
Quel empereur aurait fait incendier Rome en 64 après J.‐C. ?Néron
78%
Qui porte une robe diablement échancrée dans le dos dans le film "Le Grand Blond avec une chaussure noire" ?Mireille Darc
59%
Que donne Lino Ventura à Isabelle Adjani, d'après le titre du film de Claude Pinoteau en 1974 ?La Gifle
56%
Quel groupe américain connaît le succès avec la chanson "Light My Fire" en 1967 ?Les Doors
31%
Quel est le nom du guide gastronomique dirigé par Louis de Funès dans "L'Aile ou la cuisse" ?Duchemin
27%
Quel architecte a restauré le château de Pierrefonds au 19e siècle ?Viollet‐le‐Duc
23%
Qui joue la maîtresse de Jean Yanne dans "Nous ne vieillirons pas ensemble" de Maurice Pialat ?Marlène Jobert
15%
De quelle orpheline Octave est‐il amoureux dans "Les Fourberies de Scapin" ?Hyacinthe
3%

Distribution des résultats

Percentile par nombre de réponses

% des personnes avec chaque résultat

Votre développement - résultats

Vous n’avez pas pris ce quiz